| 000 | 00712nam a22001937a 4500 | ||
|---|---|---|---|
| 999 |
_c164143 _d164143 |
||
| 005 | 20190513110032.0 | ||
| 010 | _aUR-10098 | ||
| 020 |
_c300.00 _a9789387829718 |
||
| 035 | _aU-8653 | ||
| 037 | _bDBAD/PUB | ||
| 082 | _a841.08 | ||
| 100 | _aڈ ا کٹر قسيم ا ختر | ||
| 245 |
_aمخمو ر سعيد ی کے شعر ی آ فا ق _cڈ ا کٹر قسيم ا ختر |
||
| 246 |
_bMakhmoor Saeedi ke Sheri Afaque (Urdu) _aby Dr.Quaseem Akhtar |
||
| 260 |
_a Delhi _bEducational Publishing House _c2018 ء |
||
| 270 |
_a3191،Vakil Street,Kucha Pandit,Lal Kuan, _bDelhi _e110006 _k23216162 _l00911123211540 |
||
| 300 |
_a276ص _c22 Cm.(bk) |
||
| 942 |
_2ddc _cUR _h921 _mق س ی |
||